THEORY AND PROBLEMS OF PROGRAMMING WITH BASICS (Record no. 5322)

MARC details
000 -LEADER
fixed length control field 00534nam a2200253Ia 4500
001 - CONTROL NUMBER
control field 069138
003 - CONTROL NUMBER IDENTIFIER
control field YMCAF
005 - DATE AND TIME OF LATEST TRANSACTION
control field 20230512160548.0
008 - FIXED-LENGTH DATA ELEMENTS--GENERAL INFORMATION
fixed length control field 100717s1968 ||||||||||||||||| ||und|d
020 ## - INTERNATIONAL STANDARD BOOK NUMBER
International Standard Book Number -
024 ## - OTHER STANDARD IDENTIFIER
Standard number or code 69138
035 ## - SYSTEM CONTROL NUMBER
System control number 8601
040 ## - CATALOGING SOURCE
Original cataloging agency YMCAF
Language of cataloging eng
Transcribing agency IN-KoLT
041 ## - LANGUAGE CODE
Language code of text/sound track or separate title eng
082 ## - DEWEY DECIMAL CLASSIFICATION NUMBER
Classification number 005.133
Item number GOT
100 ## - MAIN ENTRY--PERSONAL NAME
Personal name GOTTFRIED, B S
245 #0 - TITLE STATEMENT
Title THEORY AND PROBLEMS OF PROGRAMMING WITH BASICS
250 ## - EDITION STATEMENT
Edition statement -
260 ## - PUBLICATION, DISTRIBUTION, ETC.
Name of publisher, distributor, etc. -
Date of publication, distribution, etc. 1968
300 ## - PHYSICAL DESCRIPTION
Extent 378
653 ## - INDEX TERM--UNCONTROLLED
Uncontrolled term -
653 ## - INDEX TERM--UNCONTROLLED
Uncontrolled term -
942 ## - ADDED ENTRY ELEMENTS (KOHA)
Source of classification or shelving scheme Dewey Decimal Classification
Koha item type Books
Holdings
Withdrawn status Lost status Damaged status Not for loan Home library Current library Date acquired Cost, normal purchase price Total Checkouts Barcode Date last seen Cost, replacement price Price effective from Koha item type Public note G
Withdrawn       JC Bose University of Science & Technology JC Bose University of Science & Technology 17/07/2010 0.45   8602 12/05/2023 0.45 12/05/2023 Books C 2357
  Lost     JC Bose University of Science & Technology JC Bose University of Science & Technology 17/07/2010 0.45   8601 12/05/2023 0.45 12/05/2023 Books C 2357